Taylor Swift - Associer toutes les chansons à leurs albums - Statistiques

Statistiques générales
  • Ce quiz a été pris 141 fois
    134 depuis la dernière actualisation
  • Le résultat moyen est 145 sur 200
Statistiques - réponses
Hint Réponse % Correct
Anti-Hero Midnights
86%
Style 1989
85%
Lover Lover
85%
Lavender Haze
Midnights
85%
Speak Now Speak Now
85%
Welcome to New York
1989
84%
Out Of The Woods 1989
84%
evermore evermore
84%
Don't Blame Me Reputation
84%
Look What You Made Me Do Reputation
84%
Gorgeous Reputation
84%
Clean 1989
83%
Love Story Fearless
83%
Cruel Summer Lover
83%
The Archer Lover
83%
Miss Americana and The Heartbreak Prince Lover
83%
Paper Rings Lover
83%
Cornelia Street Lover
83%
ME! Lover
83%
Bejeweled Midnights
83%
Karma Midnights
83%
Red Red
83%
We Are Never Ever Getting Back Together Red
83%
Call It What You Want Reputation
83%
Blank Space 1989
81%
cardigan folklore
81%
this is me trying folklore
81%
The Man Lover
81%
London Boy Lover
81%
Maroon Midnights
81%
Snow on the Beach Midnights
81%
Midnight Rain Midnights
81%
Labyrinth Midnights
81%
Mastermind Midnights
81%
Paris Midnights
81%
...Ready for It ? Reputation
81%
Back To December Speak Now
81%
Shake It Off 1989
80%
Wildest Dreams 1989
80%
"Slut!" 1989
80%
'tis the damn season evermore
80%
Fearless Fearless
80%
the last great american dynasty folklore
80%
august folklore
80%
betty folklore
80%
22 Red
80%
I Did Something Bad Reputation
80%
Delicate Reputation
80%
Sparks Fly Speak Now
80%
Enchanted Speak Now
80%
Haunted Speak Now
80%
Picture To Burn Taylor Swift
80%
Bad Blood 1989
79%
New Romantics 1989
79%
mirrorball folklore
79%
I Forgot That You Existed Lover
79%
Question...? Midnights
79%
I Knew You Were Trouble Red
79%
All Too Well Red
79%
Dress Reputation
79%
New Year's Day Reputation
79%
Tim McGraw Taylor Swift
79%
I Know Places 1989
78%
champagne problems evermore
78%
Fifteen Fearless
78%
Hey Stephen Fearless
78%
the 1 folklore
78%
exile folklore
78%
my tears ricochet folklore
78%
illicit affairs folklore
78%
the lakes folklore
78%
Death By a Thousand Cuts Lover
78%
You Need To Calm Down Lover
78%
Daylight Lover
78%
You're on Your Own, Kid Midnights
78%
End Game Reputation
78%
Last Kiss Speak Now
78%
Our Song Taylor Swift
78%
dorothea evermore
77%
marjorie evermore
77%
Vigilante Shit Midnights
77%
King Of My Heart Reputation
77%
Is It Over Now? 1989
75%
White Horse Fearless
75%
You Belong With Me Fearless
75%
Forever & Always Fearless
75%
Mr. Perfectly Fine Fearless
75%
Afterglow Lover
75%
So It Goes... Reputation
75%
Getaway Car Reputation
75%
Dancing With Our Hands Tied Reputation
75%
Mean Speak Now
75%
Long Live Speak Now
75%
willow evermore
74%
ivy evermore
74%
hoax folklore
74%
Hits Different Midnights
74%
Begin Again Red
74%
Teardrops On My Guitar Taylor Swift
74%
Mary's Song Taylor Swift
74%
Wonderland 1989
73%
You Are In Love 1989
73%
gold rush evermore
73%
no body, no crime evermore
73%
right where you left me evermore
73%
It's Nice to Have a Friend Lover
73%
High Infidelity Midnights
73%
Stay Stay Stay Red
73%
Sad Beautiful Tragic Red
73%
This is Why We Can't Have Nice Things Reputation
73%
All You Had To Do Was Stay 1989
72%
tolerate it evermore
72%
seven folklore
72%
False God Lover
72%
Sweet Nothing Midnights
72%
The Great War Midnights
72%
Glitch Midnights
72%
State of Grace Red
72%
Treacherous Red
72%
Everything Has Changed Red
72%
Mine Speak Now
72%
Better Than Revenge Speak Now
72%
Electric Touch Speak Now
72%
I Wish You Would 1989
70%
Now That We Don't Talk 1989
70%
Suburban Legends 1989
70%
happiness evermore
70%
cowboy like me evermore
70%
The Way I Loved You Fearless
70%
Jump Then Fall Fearless
70%
invisible string folklore
70%
peace folklore
70%
Bigger Than The Whole Sky Midnights
70%
Would've, Could've, Should've Midnights
70%
You're Losing Me Midnights
70%
Dear John Speak Now
70%
I Think He Knows Lover
69%
A Place In This World Taylor Swift
69%
Cold As You Taylor Swift
69%
How You Get the Girl 1989
68%
This Love 1989
68%
coney island evermore
68%
long story short evermore
68%
mad woman folklore
68%
epiphany folklore
68%
Holy Ground Red
68%
Ronan Red
68%
Tied Together With a Smile Taylor Swift
68%
closure evermore
67%
Change Fearless
67%
Message In A Bottle Red
67%
I Bet You Think About Me Red
67%
Never Grow Up Speak Now
67%
Superman Speak Now
67%
Should've Said No Taylor Swift
67%
Dear Reader Midnights
65%
The Story Of Us Speak Now
65%
Castles Crumbling Speak Now
65%
I'm Only Me When I'm With You Taylor Swift
65%
Say Don't Go 1989
64%
The Best Day Fearless
64%
The Last Time Red
64%
The Moment I Knew Red
64%
Come Back... Be Here Red
64%
Better Man Red
64%
Tell Me Why Fearless
63%
That's When Fearless
63%
Bye Bye Baby Fearless
63%
Innocent Speak Now
63%
Breathe Fearless
62%
Today Was A Fairytale Fearless
62%
Soon You'll Get Better Lover
62%
Babe Red
62%
Run Red
62%
Ours Speak Now
62%
When Emma Falls In Love Speak Now
62%
I Can See You Speak Now
62%
it's time to go evermore
60%
You're Not Sorry Fearless
60%
We Were Happy Fearless
60%
Girl At Home Red
60%
A Perfectly Good Heart Taylor Swift
60%
The Other Side Of The Door Fearless
59%
The Lucky One Red
59%
The Outside Taylor Swift
59%
Don't You Fearless
58%
The Very First Night Red
58%
Starlight Red
57%
Come In With The Rain Fearless
56%
You All Over Me Fearless
56%
I Almost Do Red
56%
Nothing New Red
56%
Forever Winter Red
56%
Foolish One Speak Now
56%
Untouchable Fearless
53%
Superstar Fearless
51%
Timeless Speak Now
48%
Invisible Taylor Swift
46%
Stay Beautiful Taylor Swift
44%
If This Was a Movie Speak Now
22%
Aucun quiz correspondant
Distribution des résultats
% des personnes avec chaque résultat
Percentile par nombre de réponses
Votre historique - résultats
Vous n’avez pas pris ce quiz depuis la dernière actualisation